Một đảng viên Kịch chọn lọc
Saved in:
| Main Author: | |
|---|---|
| Format: | Book |
| Published: |
H.
Văn học
1985
|
| Series: | Văn học hiện đại Việt Nam
|
| Subjects: | |
| Tags: |
Add Tag
No Tags, Be the first to tag this record!
|
| Institutions: | Trung tâm Học liệu Lê Vũ Hùng, Trường Đại học Đồng Tháp |
|---|
| LEADER | 00708pam a22002298a 4500 | ||
|---|---|---|---|
| 001 | 00022592 | ||
| 005 | 20171026081022.0 | ||
| 008 | 110531s1985 ||||||Viesd | ||
| 041 | 0 | # | |a Vie |
| 082 | 1 | 4 | |a 895.922 23 |b M458Đ |
| 100 | 0 | # | |a Học Phi |
| 245 | 0 | 0 | |a Một đảng viên |b Kịch chọn lọc |c Học Phi |
| 260 | # | # | |a H. |b Văn học |c 1985 |
| 300 | # | # | |a 363 tr. |c 19 cm. |
| 490 | # | # | |a Văn học hiện đại Việt Nam |
| 650 | # | 4 | |a Kịch |
| 650 | # | 4 | |a Văn học hiện đại |
| 653 | # | # | |a Việt Nam |
| 852 | # | # | |b Kho đọc |j KD.0006525 |
| 852 | # | # | |j KD.0006525 |
| 910 | 0 | # | |a nhnam |d 31/05/2011 |
| 980 | # | # | |a Trung tâm Học liệu Lê Vũ Hùng, Trường Đại học Đồng Tháp |